| 000 | 00507nam a2200157Ia 4500 | ||
|---|---|---|---|
| 999 |
_c20680 _d20680 |
||
| 082 | _a304.6091724 STA; | ||
| 245 | 0 | _aStable population age distributions | |
| 260 |
_aNew York _bUnited Nations _c1990 |
||
| 300 | _axiii, 420p. | ||
| 650 | _aDemographic surveys | ||
| 650 | _aStable population model | ||
| 650 | _aAge distribution (Demography) | ||
| 650 | _aDeveloping countries - Population - Statistics | ||
| 700 | _aUnited Nations. Department of International Economic and Social Affairs | ||
| 942 | _cBK | ||